| 000 | 00693nam a2200229Ia 4500 | ||
|---|---|---|---|
| 005 | 20260429112008.0 | ||
| 008 | 260429s9999||||xx |||||||||||||| ||und|| | ||
| 020 | _a9781032701271 | ||
| 041 | _aEnglish | ||
| 082 |
_a378.007 _bJOH |
||
| 100 | _aJohnson, Kristine | ||
| 245 | 0 |
_aLong view of undergraduate research : _balumni perspectives on inquiry, belonging, and vocation / _cKristine Johnson |
|
| 250 | _a1st ed. | ||
| 260 |
_aNew Delhi : _bRoutledge, _c2025. |
||
| 300 | _axxi, 147 p.; pbk | ||
| 650 | _a Academic inquiry | ||
| 650 | _a Higher education | ||
| 650 | _a Student engagement | ||
| 650 | _aUndergraduate research | ||
| 700 | _a Rifenburg, J. Michael | ||
| 942 | _cTB | ||
| 999 |
_c51803 _d51803 |
||